000 01002cad a22002415a 4500
001 L159955
008 100825s2017 xxk f 000 0 eng d
035 _a(Sirsi) u159955
041 0 _aeng
050 0 4 _a306.1 $2 18
110 2 _aLondon
_bGreater London Authority
_93989
245 0 0 _aHousing supplementary planning guidance
_brevised
_h[electronic resource]
260 _aLondon
_bGreater London Authority
_c2017
520 _aProvides guidance on a range of strategic policies including housing supply, residential density, housing standards, build to rent developments, student accommodation and viability appraisals.
590 _aKA NTK
650 2 4 _aHOUSING SUPPLY
650 2 4 _aMIXED-USE DEVELOPMENTS
650 2 4 _aHOUSING STOCK
651 4 _aLondon
690 _aPROPERTY-RESIDENTIAL PROPERTY-DOMESTIC RESIDENTIAL PROPERTY-HOUSING
856 4 0 _uhttps://www.london.gov.uk/sites/default/files/housing_spg_revised.pdf
_zView the item free of charge at www.london.gov.uk
942 _n0
999 _c116170
_d116170